000
00323 a2200145 4500
001
174472
020
_a
040
_c
Magnum
100
_a
Kamii, Constance
240
1
0
_a
Piaget para a educacao pre-escolar
_l
por
245
1
0
_a
Piaget para a educacao pre-escolar
362
0
_a
1899
697
_a
PEDAGOGIA
942
_c
BK
999
_c
174472
_d
174472